000 00943nam a2200301Ia 4500
003 OSt
005 20220912150514.0
006 a|||||r|||| 00| 0
007 ta
008 220909b |||||||| |||| 00| 0 eng d
020 _a0387952616 (pbk)
024 _a9739
037 _bAshutosh,
037 _cReference Collections
040 _aCSL
_beng
_cCSL
041 _aeng
082 _aD65,8(B):71:(894)k, P2 RR
100 _aPhoha Vir V
245 0 _aInternet security dictionary
260 _aNew York
_b Springer-Verlag
_c2002
300 _axix, 259p Includes with CD-ROM
500 _aAppendix A-D, 148p-222p; Bibliography 223-238p; Index 239-259p
650 _a Computer networks
650 _a Internet security
650 _aComputer science
942 _hD65,8(B):71:(894)k, P2 RR
_cREF
_2CC
999 _c48892
_d48892